| 000 | 00376cam a22001217a 4500 | ||
|---|---|---|---|
| 008 | 180718b1948 xxu||||| |||| 00| 0 eng d | ||
| 082 | _aB813x54 M927 | ||
| 100 | _aMunshi, K.M. | ||
| 245 |
_aLinguistic provinces and the future of Bombay _cby K.M. Munshi |
||
| 260 |
_aBombay _bNational Information and Publications _c1948 |
||
| 300 | _a62p. | ||
| 650 | _aBoundaries, State - India | ||
| 999 |
_c374857 _d374857 |
||